=LDR 00000nam 2200000 4500 =001 000389 =005 20250710031636 =035 ##$$a 0010-0725000251 =007 ta =008 250710################a##########0#ind## =020 ##$$a 978-623-307-318-9 =082 ##$$a 398.209 598 =084 ##$$a 398.209 598 SIN k =100 #$$a Sinkar, Arana =245 1#$$a Kota Gula-Gula /$c Arana Sinkar =250 ##$$a cetakan kedua =260 ##$$a Jakarta :$b Badan pengembangan dan pembinaan bahasa,$c 2022 =300 ##$$a 14 hlm. : $b ilus. ; $c 21 cm$e 398.209 598 =650 #4$$a Literasi Bahan Bacaan =856 ##$$a TBM As Suhada =990 ##$$a TBM202400112